[Event "Hessen-ch Seniors op 11th"]
[Site "Bad Sooden-Allendorf"]
[Date "2015.05.14"]
[Round "6"]
[White "Rueberg, Jobst"]
[Black "Schneider, Miloca"]
[Result "1-0"]
[WhiteElo "2163"]
[BlackElo "1973"]
[PlyCount "42"]
[EventDate "2015.05.09"]
[EventType "swiss"]
[EventRounds "9"]
[EventCountry "GER"]
[SourceTitle "EXT 2018"]
[Source "ChessBase"]
[SourceDate "2017.10.13"]
[SourceVersion "1"]
[SourceVersionDate "2017.10.13"]
[SourceQuality "1"]

1. e4 c6 2. c4 e5 3. Nf3 d6 4. d4 Nf6 5. dxe5 Nxe4 6. Bd3 Qa5+ 7. Nbd2 Nc5 8. Bc2 dxe5 9. 0-0 Bg4 10. a3 Ne6 11. h3 Bh5 12. b4 Qc7 13. Bb2 Nd7 14. Qe1 f6 15. Qe3 c5 16. Bf5 Bf7 17. Bc3 Be7 18. Nh4 0-0 19. Qe4 Ng5 20. Qe3 Rfd8 21. f4 exf4 1-0

[Event "Sachsen-Anhalt-ch Seniors 22nd"]
[Site "Halberstadt"]
[Date "2014.05.26"]
[Round "2"]
[White "Schneider, Miloca"]
[Black "Wendland, Gerd"]
[Result "1-0"]
[WhiteElo "1801"]
[BlackElo "1662"]
[PlyCount "105"]
[EventDate "2014.05.25"]
[EventType "swiss"]
[EventRounds "7"]
[EventCountry "GER"]
[SourceTitle "EXT 2018"]
[Source "ChessBase"]
[SourceDate "2017.10.13"]
[SourceVersion "1"]
[SourceVersionDate "2017.10.13"]
[SourceQuality "1"]

1. d4 e6 2. c4 d5 3. Nc3 Nf6 4. Bg5 Be7 5. Bxf6 Bxf6 6. e3 c6 7. Nf3 0-0 8. Bd3 dxc4 9. Bxc4 Nd7 10. 0-0 Nb6 11. Bb3 Nd5 12. Ne4 b6 13. Rc1 Bb7 14. Qe2 Rc8 15. Rfd1 Be7 16. Bc2 g6 17. a3 Qe8 18. Bd3 f5 19. Ned2 Nf6 20. Ne5 c5 21. Bb5 Qd8 22. dxc5 bxc5 23. Ndf3 Qb6 24. a4 Rfd8 25. Nc4 Qc7 26. a5 a6 27. Ba4 Nd5 28. g3 Bc6 29. Bxc6 Qxc6 30. e4 fxe4 31. Qxe4 Nf6 32. Qe2 Rd5 33. Nb6 Rxd1+ 34. Rxd1 Rd8 35. Re1 c4 36. Ne5 Qc5 37. Nexc4 e5 38. Qxe5 Qxe5 39. Rxe5 Bb4 40. h3 Rd4 41. Kg2 Ne4 42. Rd5 Rxd5 43. Nxd5 Nd2 44. Nxd2 Bxd2 45. b4 Kf7 46. Kf1 Bg5 47. Ke2 Bd8 48. Kd3 Ke6 49. Ke4 h6 50. Nf4+ Kf6 51. Kd5 Be7 52. Nd3 Kf5 53. Nc5 1-0

[Event "Sachsen-Anhalt-ch Seniors 22nd"]
[Site "Halberstadt"]
[Date "2014.05.25"]
[Round "1"]
[White "Boeven, Manfred"]
[Black "Schneider, Miloca"]
[Result "1/2-1/2"]
[WhiteElo "2069"]
[BlackElo "1801"]
[PlyCount "60"]
[EventDate "2014.05.25"]
[EventType "swiss"]
[EventRounds "7"]
[EventCountry "GER"]
[SourceTitle "EXT 2018"]
[Source "ChessBase"]
[SourceDate "2017.10.13"]
[SourceVersion "1"]
[SourceVersionDate "2017.10.13"]
[SourceQuality "1"]

1. d4 d5 2. Nc3 e6 3. Nf3 Nf6 4. Bg5 Be7 5. e3 Nbd7 6. Bd3 0-0 7. 0-0 c6 8. Ne5 Re8 9. f4 Nf8 10. Qf3 N6d7 11. Bxe7 Qxe7 12. a3 a6 13. e4 c5 14. dxc5 dxe4 15. Nxe4 Nxc5 16. Nxc5 Qxc5+ 17. Kh1 Rb8 18. Rad1 f6 19. Nc4 Bd7 20. Nd6 Bc6 21. Be4 Red8 22. b4 Bxe4 23. Qxe4 Qc7 24. Nc4 Rxd1 25. Rxd1 Rd8 26. Rxd8 Qxd8 27. Ne3 Qd2 28. h3 Qc1+ 29. Kh2 Qxa3 30. Qd4 Qa4 1/2-1/2

[Event "EU-chT Seniors 15th"]
[Site "Dresden"]
[Date "2013.07.23"]
[Round "4"]
[White "Baumgarten, Werner"]
[Black "Schneider, Miloca"]
[Result "1/2-1/2"]
[WhiteElo "1956"]
[BlackElo "1957"]
[PlyCount "56"]
[EventDate "2013.07.20"]
[EventType "team-swiss"]
[EventRounds "9"]
[EventCountry "GER"]
[SourceTitle "CBM 155 Extra"]
[Source "ChessBase"]
[SourceDate "2013.08.26"]
[SourceVersion "1"]
[SourceVersionDate "2013.08.26"]
[SourceQuality "1"]
[WhiteTeam "BSW/DBAG II"]
[BlackTeam "Stoertebeker"]
[WhiteTeamCountry "GER"]
[BlackTeamCountry "GER"]

1. c4 c5 2. Nc3 Nf6 3. g3 d6 4. Bg2 Nc6 5. e4 e5 6. Nge2 Be7 7. 0-0 0-0 8. f4 Bg4 9. h3 Bxe2 10. Nxe2 exf4 11. Nxf4 Ne5 12. d3 Qd7 13. Rb1 a5 14. b3 Rae8 15. Bb2 Nc6 16. g4 Qd8 17. Qd2 Nd7 18. Nd5 Bg5 19. Qc3 Nd4 20. Qe1 Nf6 21. Nc3 Nd7 22. Nd5 Nc6 23. Rf5 Nde5 24. Qg3 g6 25. Rff1 Bh4 26. Qe3 Bg5 27. Qe2 Re6 28. Rf2 Bh4 1/2-1/2

[Event "Hessen-ch Seniors op 09th"]
[Site "Bad Sooden-Allendorf"]
[Date "2013.04.28"]
[Round "9"]
[White "Schneider, Miloca"]
[Black "Husser, Oskar"]
[Result "1/2-1/2"]
[WhiteElo "1981"]
[BlackElo "1876"]
[PlyCount "46"]
[EventDate "2013.04.20"]
[EventType "swiss"]
[EventRounds "9"]
[EventCountry "GER"]
[SourceTitle "EXT 2019"]
[Source "ChessBase"]
[SourceDate "2018.10.10"]
[SourceVersion "1"]
[SourceVersionDate "2018.10.10"]
[SourceQuality "1"]

1. d4 Nf6 2. c4 e5 3. dxe5 Ng4 4. Nf3 Bc5 5. e3 Nc6 6. Nc3 Ngxe5 7. Nxe5 Nxe5 8. Be2 d6 9. 0-0 0-0 10. b3 a6 11. e4 Be6 12. Kh1 Qh4 13. g3 Qh3 14. Nd5 Ng4 15. Bxg4 Qxg4 16. f3 Qh5 17. g4 Qe5 18. Rb1 Bxd5 19. cxd5 Rfe8 20. Bb2 Qf4 21. Qc2 b5 22. Qe2 f6 23. b4 Bb6 1/2-1/2

[Event "Hessen-ch Seniors op 09th"]
[Site "Bad Sooden-Allendorf"]
[Date "2013.04.27"]
[Round "8"]
[White "Rueberg, Jobst"]
[Black "Schneider, Miloca"]
[Result "1-0"]
[WhiteElo "2161"]
[BlackElo "1981"]
[PlyCount "55"]
[EventDate "2013.04.20"]
[EventType "swiss"]
[EventRounds "9"]
[EventCountry "GER"]
[SourceTitle "EXT 2019"]
[Source "ChessBase"]
[SourceDate "2018.10.10"]
[SourceVersion "1"]
[SourceVersionDate "2018.10.10"]
[SourceQuality "1"]

1. e4 c6 2. c4 e5 3. Nf3 d6 4. d4 exd4 5. Qxd4 c5 6. Qd1 Bg4 7. Nc3 Nd7 8. Be2 Ngf6 9. Bf4 Bxf3 10. Bxf3 Ne5 11. 0-0 Be7 12. Be2 0-0 13. Qd2 a6 14. Rab1 Qd7 15. h3 Rfd8 16. Bg5 Ne8 17. Nd5 Bxg5 18. Qxg5 f6 19. Qg3 Rab8 20. f4 Nc6 21. Rbe1 b5 22. b3 Nd4 23. Bh5 Kh8 24. Qh4 Kg8 25. e5 g6 26. exf6 gxh5 27. Qg5+ Kh8 28. Ne7 1-0

[Event "Hessen-ch Seniors op 09th"]
[Site "Bad Sooden-Allendorf"]
[Date "2013.04.26"]
[Round "7"]
[White "Schneider, Miloca"]
[Black "Kluever, Horst"]
[Result "1-0"]
[WhiteElo "1981"]
[BlackElo "1882"]
[PlyCount "41"]
[EventDate "2013.04.20"]
[EventType "swiss"]
[EventRounds "9"]
[EventCountry "GER"]
[SourceTitle "EXT 2019"]
[Source "ChessBase"]
[SourceDate "2018.10.10"]
[SourceVersion "1"]
[SourceVersionDate "2018.10.10"]
[SourceQuality "1"]

1. d4 d5 2. c4 e6 3. Nc3 Nf6 4. Bg5 Be7 5. Bxf6 Bxf6 6. e3 0-0 7. Nf3 Nc6 8. Be2 b6 9. 0-0 Ne7 10. Rc1 Bb7 11. cxd5 Nxd5 12. Ne4 Be7 13. Bd3 f5 14. Ned2 Bd6 15. Nc4 Be7 16. a3 c5 17. dxc5 Bxc5 18. b4 Be7 19. Qb3 Kh8 20. Rfd1 Rc8 21. Kh1 1-0

[Event "MVP-ch Seniors op 12th"]
[Site "Binz"]
[Date "2012.12.03"]
[Round "6"]
[White "Wenske, Hardy"]
[Black "Schneider, Miloca"]
[Result "0-1"]
[WhiteElo "1643"]
[BlackElo "1798"]
[PlyCount "134"]
[EventDate "2012.11.28"]
[EventType "swiss"]
[EventRounds "9"]
[EventCountry "GER"]
[SourceTitle "EXT 2014"]
[Source "ChessBase"]
[SourceDate "2013.11.20"]
[SourceVersion "1"]
[SourceVersionDate "2013.11.20"]
[SourceQuality "1"]

1. Nf3 d5 2. d4 e6 3. e3 Nf6 4. Bd3 Be7 5. Nbd2 Nbd7 6. 0-0 0-0 7. b3 c6 8. Bb2 Re8 9. Ne5 Nf8 10. f4 Bd6 11. Qf3 Re7 12. a4 a5 13. Rac1 Rc7 14. Qh3 Ne8 15. g4 f6 16. Nef3 Bd7 17. Qg2 b5 18. g5 Rb8 19. Bc3 b4 20. Bb2 Rbb7 21. h4 Bc8 22. Ba6 Ra7 23. Bxc8 Qxc8 24. Ne1 fxg5 25. hxg5 Rf7 26. Ndf3 Nc7 27. Nd3 Ng6 28. Rf2 Na6 29. Rcf1 Rf8 30. Nde5 Bxe5 31. Nxe5 Nh4 32. Qh3 Nf5 33. Rh2 g6 34. Ng4 Rff7 35. Nf6+ Kf8 36. Kf2 Rac7 37. Rfh1 Qb7 38. Kf3 Rg7 39. Qg2 Rcf7 40. Qe2 Nb8 41. Qd3 Qe7 42. Ng4 Nd7 43. Qa6 Nd6 44. Qa8+ Ne8 45. Nh6 Rf5 46. Nxf5 exf5 47. Qxc6 Qe4+ 48. Ke2 Re7 49. Rh3 Nb8 50. Qc5 Na6 51. Qc8 Nac7 52. Bc1 Qxc2+ 53. Bd2 Kg8 54. Rc1 Qe4 55. Rf3 Kf7 56. Rc6 Ne6 57. Kf2 Nxd4 58. exd4 Qe2+ 59. Kg3 Qxd2 60. Rf6+ Nxf6 61. gxf6 Qe1+ 62. Kh3 Qh1+ 63. Kg3 Qg1+ 64. Kh3 Qg4+ 65. Kh2 Re2+ 66. Rf2 Rxf2+ 67. Kh1 Qg2# 0-1

[Event "Hessen-ch Seniors op 08th"]
[Site "Bad Sooden-Allendorf"]
[Date "2012.04.18"]
[Round "5"]
[White "Schneider, Miloca"]
[Black "Schirmer, Werner"]
[Result "0-1"]
[WhiteElo "1943"]
[BlackElo "2027"]
[PlyCount "88"]
[EventDate "2012.04.14"]
[EventType "swiss"]
[EventRounds "9"]
[EventCountry "GER"]
[SourceTitle "EXT 2019"]
[Source "ChessBase"]
[SourceDate "2018.10.10"]
[SourceVersion "1"]
[SourceVersionDate "2018.10.10"]
[SourceQuality "1"]

1. Nf3 Nf6 2. d4 g6 3. c4 Bg7 4. Nc3 d6 5. e4 0-0 6. h3 e5 7. d5 Na6 8. Bd3 Nc5 9. Bc2 a5 10. Be3 b6 11. 0-0 Bd7 12. Qd2 Qc8 13. Nh2 Re8 14. b3 Nh5 15. Bd1 Nf4 16. f3 Qd8 17. Bc2 Bh6 18. Ne2 Qg5 19. Ng4 Bxg4 20. Bxf4 exf4 21. hxg4 Nd7 22. g3 fxg3 23. Qxg5 Bxg5 24. Nxg3 Bf6 25. Rad1 Ne5 26. Kg2 Bh4 27. Rh1 Bxg3 28. Kxg3 f6 29. a3 Re7 30. Rd4 g5 31. f4 Ng6 32. fxg5 fxg5 33. Rh5 Re5 34. Rd2 Rf8 35. Rhh2 Nh4 36. Rdf2 Rxf2 37. Kxf2 Kg7 38. Kg3 h6 39. Rxh4 gxh4+ 40. Kxh4 Kf6 41. Kg3 Kg5 42. Kf3 Re7 43. Bd1 Rf7+ 44. Ke3 Rf1 0-1

[Event "Hessen-ch Seniors op 08th"]
[Site "Bad Sooden-Allendorf"]
[Date "2012.04.17"]
[Round "4"]
[White "Biller, Helmut"]
[Black "Schneider, Miloca"]
[Result "1/2-1/2"]
[WhiteElo "2103"]
[BlackElo "1943"]
[PlyCount "46"]
[EventDate "2012.04.14"]
[EventType "swiss"]
[EventRounds "9"]
[EventCountry "GER"]
[SourceTitle "EXT 2019"]
[Source "ChessBase"]
[SourceDate "2018.10.10"]
[SourceVersion "1"]
[SourceVersionDate "2018.10.10"]
[SourceQuality "1"]

1. d4 d5 2. Nf3 Nd7 3. Bf4 Ngf6 4. e3 e6 5. Bd3 Be7 6. Ne5 c6 7. Nd2 c5 8. c3 Qb6 9. Rb1 Bd6 10. 0-0 Qc7 11. Nxd7 Bxd7 12. Bxd6 Qxd6 13. f4 0-0 14. g4 g6 15. g5 Nh5 16. Nf3 c4 17. Be2 f6 18. gxf6 Nxf6 19. Ne5 b5 20. a3 a5 21. Qe1 Rfe8 22. Bf3 Bc8 23. Qg3 Re7 1/2-1/2

[Event "Hessen-ch Seniors op 08th"]
[Site "Bad Sooden-Allendorf"]
[Date "2012.04.16"]
[Round "3"]
[White "Schneider, Miloca"]
[Black "Geibel, Henning"]
[Result "1-0"]
[WhiteElo "1943"]
[BlackElo "1532"]
[PlyCount "79"]
[EventDate "2012.04.14"]
[EventType "swiss"]
[EventRounds "9"]
[EventCountry "GER"]
[SourceTitle "EXT 2019"]
[Source "ChessBase"]
[SourceDate "2018.10.10"]
[SourceVersion "1"]
[SourceVersionDate "2018.10.10"]
[SourceQuality "1"]

1. Nf3 d5 2. d4 Bf5 3. g3 Nf6 4. Bg2 e6 5. Bg5 Be7 6. Bxf6 Bxf6 7. Nbd2 0-0 8. 0-0 Nc6 9. c3 b5 10. Re1 b4 11. e4 dxe4 12. Nxe4 bxc3 13. bxc3 Be7 14. Qa4 Qe8 15. Nfd2 Rb8 16. Rab1 Rxb1 17. Rxb1 Bf6 18. Nxf6+ gxf6 19. Bxc6 Qe7 20. Be4 Bg6 21. Qxa7 f5 22. Bd3 Qd6 23. Nf3 f4 24. Bxg6 hxg6 25. Rb8 Qc6 26. Rxf8+ Kxf8 27. Qa3+ Kg7 28. Ne5 Qe4 29. Qc1 f3 30. h4 Qf5 31. Qd1 c5 32. Nxf3 cxd4 33. Qxd4+ f6 34. Nd2 Qc2 35. a4 e5 36. Qd7+ Kh6 37. c4 Qd1+ 38. Kg2 e4 39. Qd4 f5 40. Qh8# 1-0

[Event "Hessen-ch Seniors op 08th"]
[Site "Bad Sooden-Allendorf"]
[Date "2012.04.14"]
[Round "1"]
[White "Schneider, Miloca"]
[Black "Weyrauch, Erich"]
[Result "0-1"]
[WhiteElo "1943"]
[BlackElo "2148"]
[PlyCount "94"]
[EventDate "2012.04.14"]
[EventType "swiss"]
[EventRounds "9"]
[EventCountry "GER"]
[SourceTitle "EXT 2019"]
[Source "ChessBase"]
[SourceDate "2018.10.10"]
[SourceVersion "1"]
[SourceVersionDate "2018.10.10"]
[SourceQuality "1"]

1. d4 Nf6 2. c4 e5 3. dxe5 Ng4 4. e4 Nxe5 5. f4 Ng6 6. Be3 Nc6 7. Nf3 Bb4+ 8. Nc3 Bxc3+ 9. bxc3 b6 10. Qd2 Qe7 11. Bd3 Ba6 12. Nd4 0-0 13. Nf3 Rfe8 14. 0-0 d6 15. Rae1 f6 16. Qf2 Qf7 17. Nd2 Na5 18. Qe2 Re7 19. Rf3 Rae8 20. Qf1 Nf8 21. Rh3 Bb7 22. Bf2 Bc8 23. Rhe3 Ne6 24. Rf3 Bb7 25. Be3 Nc5 26. Bxc5 bxc5 27. Rfe3 Ba6 28. g4 Rb8 29. e5 fxe5 30. Qh3 g6 31. fxe5 Rxe5 32. Rxe5 dxe5 33. Rf1 Qg7 34. g5 Bc8 35. Qe3 Qe7 36. Ne4 Bf5 37. Nf6+ Kh8 38. Nd5 Qd6 39. Bxf5 gxf5 40. Rxf5 Rb1+ 41. Kg2 Rb2+ 42. Kh3 Nxc4 43. Qe4 Qe6 44. Kg3 Nd6 45. Rf8+ Kg7 46. Qf3 Nf7 47. Nxc7 Qe7 0-1

[Event "MVP-ch Seniors op 11th"]
[Site "Binz"]
[Date "2011.12.06"]
[Round "7.29"]
[White "Schnaitmann, Herbert"]
[Black "Schneider, Miloca"]
[Result "0-1"]
[WhiteElo "1835"]
[BlackElo "1744"]
[PlyCount "136"]
[EventDate "2011.11.30"]
[EventType "swiss"]
[EventRounds "9"]
[EventCountry "GER"]
[SourceTitle "EXT 2013"]
[Source "ChessBase"]
[SourceDate "2012.11.22"]
[SourceVersion "1"]
[SourceVersionDate "2012.11.22"]
[SourceQuality "1"]

1. d4 d5 2. Nf3 Nf6 3. e3 e6 4. Bd3 Nbd7 5. b3 c6 6. Nbd2 Be7 7. Bb2 0-0 8. 0-0 a5 9. c4 b6 10. Rc1 Ba6 11. Re1 Rc8 12. e4 dxe4 13. Nxe4 Nxe4 14. Bxe4 Nf6 15. Bb1 Bb7 16. Qc2 g6 17. Rcd1 Qc7 18. c5 Nd5 19. Ne5 b5 20. a3 Bg5 21. Bc1 Bxc1 22. Qxc1 Kg7 23. Ng4 Qf4 24. Ne3 Rcd8 25. g3 Qc7 26. Ng4 Qe7 27. Qh6+ Kh8 28. Ne5 Qf6 29. Nd7 Qg7 30. Qxg7+ Kxg7 31. Nxf8 Kxf8 32. Be4 Ne7 33. b4 a4 34. g4 f6 35. f4 Kf7 36. h3 h6 37. Kf2 f5 38. Bb1 Nd5 39. Kf3 Bc8 40. Rd3 Kf6 41. Ba2 Nc7 42. Re5 Ne8 43. Rd1 Ng7 44. Ke3 g5 45. Rf1 Rh8 46. h4 gxh4 47. g5+ hxg5 48. fxg5+ Kxg5 49. Rg1+ Kf6 50. Kd3 Nh5 51. Ke3 Ng7 52. Kf4 Nh5+ 53. Kf3 Rd8 54. Rd1 Rg8 55. Rde1 Rg3+ 56. Kf2 Nf4 57. R5e3 Nh3+ 58. Ke2 Nf4+ 59. Kd1 Rg2 60. Rh1 Rxa2 61. Rxh4 Ng2 62. Rh6+ Kg5 63. Reh3 Kg4 64. Rh8 f4 65. R3h7 Ne3+ 66. Ke1 f3 67. Rg7+ Kf4 68. Rf7+ Ke4 0-1

[Event "MVP-ch Seniors op 11th"]
[Site "Binz"]
[Date "2011.11.30"]
[Round "1.5"]
[White "Haubt, Georg"]
[Black "Schneider, Miloca"]
[Result "1-0"]
[WhiteElo "2108"]
[BlackElo "1744"]
[PlyCount "69"]
[EventDate "2011.11.30"]
[EventType "swiss"]
[EventRounds "9"]
[EventCountry "GER"]
[SourceTitle "EXT 2013"]
[Source "ChessBase"]
[SourceDate "2012.11.22"]
[SourceVersion "1"]
[SourceVersionDate "2012.11.22"]
[SourceQuality "1"]

1. e4 c6 2. d4 d5 3. f3 Nd7 4. Nc3 Nb6 5. Bf4 e6 6. exd5 Nxd5 7. Nxd5 cxd5 8. Nh3 Qb6 9. Rb1 Nf6 10. c3 Bd7 11. Nf2 h6 12. Bd3 Bd6 13. Qd2 Qc7 14. Bxd6 Qxd6 15. 0-0 0-0 16. f4 b5 17. Bc2 Bc6 18. Rbe1 a5 19. f5 exf5 20. Bxf5 b4 21. Nd3 bxc3 22. bxc3 Ne4 23. Bxe4 dxe4 24. Ne5 Bb7 25. Re3 Rad8 26. Qb2 Ba8 27. Qb5 Qc7 28. Rg3 Rd5 29. Qe2 Rd6 30. Qg4 f6 31. Nc4 f5 32. Qf4 Rc6 33. Ne5 Rcf6 34. h4 Rd8 35. Ng4 1-0

[Event "Hessen-ch Seniors op 07th"]
[Site "Bad Sooden-Allendorf"]
[Date "2011.05.04"]
[Round "5"]
[White "Krause, Werner1111"]
[Black "Schneider, Miloca"]
[Result "0-1"]
[WhiteElo "1350"]
[BlackElo "1693"]
[PlyCount "81"]
[EventDate "2011.04.30"]
[EventType "swiss"]
[EventRounds "9"]
[EventCountry "GER"]
[SourceTitle "EXT 2012"]
[Source "ChessBase"]
[SourceDate "2011.11.24"]
[SourceVersion "1"]
[SourceVersionDate "2011.11.24"]
[SourceQuality "1"]

1. Nc3 d5 2. e4 d4 3. Nce2 c5 4. Nf3 Nc6 5. Ng3 e6 6. a3 Bd6 7. Bc4 Nge7 8. d3 0-0 9. Bg5 b5 10. Bb3 Qc7 11. Qe2 Ng6 12. Nh5 Be7 13. h4 Bb7 14. g3 Rad8 15. Nh2 Na5 16. Ba2 c4 17. Bxe7 Qxe7 18. Rg1 f5 19. exf5 Rxf5 20. f4 Bd5 21. g4 Nxf4 22. gxf5 Qxh4+ 23. Qf2 Qxf2+ 24. Kxf2 Nxh5 25. fxe6 Bxe6 26. Rg5 Rf8+ 27. Kg1 Nf4 28. Re5 Bd5 29. Rxd5 Nxd5 30. dxc4 Ne3 31. c5+ Kh8 32. Rc1 Nc6 33. b4 a6 34. Bb1 Nc4 35. c3 Nxa3 36. Bd3 dxc3 37. Rxc3 Ne5 38. Rb3 g5 39. Kg2 Rf4 40. Nf3 h6 41. Bb1 0-1

[Event "GER-ch Seniors 22nd"]
[Site "Berlin"]
[Date "2010.08.19"]
[Round "4"]
[White "Schneider, Miloca"]
[Black "Minte, Horst"]
[Result "1-0"]
[WhiteElo "1834"]
[BlackElo "1613"]
[PlyCount "105"]
[EventDate "2010.08.16"]
[EventType "swiss"]
[EventRounds "9"]
[EventCountry "GER"]
[SourceTitle "CBM 138 Extra"]
[Source "ChessBase"]
[SourceDate "2010.10.29"]
[SourceVersion "1"]
[SourceVersionDate "2010.10.29"]
[SourceQuality "1"]

1. d4 c6 2. c4 d5 3. e3 Nf6 4. Nf3 Bg4 5. Nbd2 e6 6. Be2 Nbd7 7. 0-0 Bd6 8. b3 Qc7 9. Bb2 0-0 10. h3 Bh5 11. Re1 Rfe8 12. c5 Be7 13. b4 a6 14. Qc2 Bg6 15. Bd3 Bxd3 16. Qxd3 b5 17. Ne5 Nxe5 18. dxe5 Nd7 19. Nf3 f5 20. Qc3 g6 21. Nd4 Bf8 22. f4 Re7 23. a4 bxa4 24. Rxa4 Qc8 25. Rea1 Nb8 26. Qd3 Rb7 27. Bc3 Qd7 28. Be1 Raa7 29. R1a2 Be7 30. g4 Bf8 31. Qe2 Qf7 32. Qg2 Kh8 33. Bc3 Re7 34. Qg3 Bg7 35. Be1 Reb7 36. Qf3 Re7 37. Bh4 Reb7 38. Qf1 Qd7 39. Rg2 Qe8 40. Qe1 Qf7 41. Kh2 h6 42. gxf5 exf5 43. Qg1 Kh7 44. Qe1 Qe8 45. Ra1 Kh8 46. Qc3 Rc7 47. Qd3 Rcb7 48. Nxf5 Bxe5 49. Rag1 Bxf4+ 50. exf4 Rxb4 51. Nd6 Qf8 52. Rxg6 Rb2+ 53. Kh1 1-0

[Event "GER-ch Seniors 22nd"]
[Site "Berlin"]
[Date "2010.08.16"]
[Round "1"]
[White "Goepfart, Dietrich"]
[Black "Schneider, Miloca"]
[Result "0-1"]
[WhiteElo "1423"]
[BlackElo "1834"]
[PlyCount "98"]
[EventDate "2010.08.16"]
[EventType "swiss"]
[EventRounds "9"]
[EventCountry "GER"]
[SourceTitle "CBM 138 Extra"]
[Source "ChessBase"]
[SourceDate "2010.10.29"]
[SourceVersion "1"]
[SourceVersionDate "2010.10.29"]
[SourceQuality "1"]

1. e4 d5 2. exd5 Qxd5 3. Nc3 Qa5 4. Nf3 Nf6 5. d3 c6 6. Be2 e6 7. Bd2 Qc7 8. h3 Nbd7 9. a3 Bd6 10. Ne4 Nxe4 11. dxe4 0-0 12. Bd3 b6 13. 0-0 e5 14. Bc4 h6 15. Re1 Nc5 16. b4 Ne6 17. c3 Bd7 18. Bb3 Rad8 19. Qc1 Be7 20. Qb2 Bc8 21. c4 Nd4 22. Bd1 c5 23. Qc1 Be6 24. Nh2 Bf6 25. Rb1 cxb4 26. axb4 Bxc4 27. Ng4 Rd6 28. f4 Rc6 29. Nxf6+ Rxf6 30. f5 b5 31. Re3 Qb6 32. g4 Bd3 33. Rb2 Bxe4 34. Qc5 Qb7 35. Qxe5 Nf3+ 36. Bxf3 Bxf3 37. Qh2 Rc8 38. Bc3 Ra6 39. Qe5 f6 40. Qg3 Bd5 41. Rbe2 Qb6 42. Kh2 Bf7 43. Re7 Qc6 44. Bd4 Qc4 45. Bc5 Ra2 46. Qf2 Rxe2 47. Rxe2 a6 48. Re7 Rd8 49. Qe2 Qf4+ 0-1

[Event "EU-chT Seniors 12th"]
[Site "Dresden"]
[Date "2010.02.15"]
[Round "6"]
[White "Ranki, Martti"]
[Black "Schneider, Miloca"]
[Result "1/2-1/2"]
[WhiteElo "1927"]
[BlackElo "1995"]
[PlyCount "26"]
[EventDate "2010.02.10"]
[EventType "team-swiss"]
[EventRounds "9"]
[EventCountry "GER"]
[SourceTitle "CBM 134 Extra"]
[Source "ChessBase"]
[SourceDate "2010.03.03"]
[SourceVersion "1"]
[SourceVersionDate "2010.03.03"]
[SourceQuality "1"]
[WhiteTeam "Turku (Seniors)"]
[BlackTeam "Stoertebeker (Seniors)"]
[WhiteTeamCountry "FIN"]
[BlackTeamCountry "GER"]

1. e4 e5 2. Nf3 d6 3. h3 Nf6 4. Nc3 Be7 5. Be2 0-0 6. 0-0 Nc6 7. d4 exd4 8. Nxd4 Nxd4 9. Qxd4 c6 10. Bf4 Be6 11. Bf3 d5 12. exd5 Nxd5 13. Nxd5 Bxd5 1/2-1/2